Países del Mundo por Dato Aleatorio - Estadísticas

Estadísticas generales
  • Esta prueba ha sido intentada 77 veces
  • La puntuación promedio es 36 de 195
Estadísticas de respuestas
Dato País % Correcto
Angela Merkel fue canciller de este país Alemania
96%
En este país se encuentra la capital de facto de la Unión Europea Bélgica
75%
La cantante Björk es de este país Islandia
71%
Este país de reconocimiento limitado se independizó de Serbia en 2008 Kosovo
65%
El único coprincipado en el mundo Andorra
62%
La capital de facto de este país es Tel Aviv Israel
58%
El futbolista Cristiano Ronaldo nació en este país Portugal
58%
El lema de este país es "One Zambia, One Nation" Zambia
56%
Único país centroamericano sin salida al Caribe El Salvador
52%
País en el que se llevó a cabo la Copa Mundial de Fútbol de 2022 Catar
50%
El gentilicio de este país es "salomonense" Islas Salomón
50%
La frontera más corta de este país es con Argelia Mauritania
50%
Vlad el Empalador es considerado héroe nacional de este país Rumania
50%
Único país insular de África Occidental Cabo Verde
48%
Confucio fue un famoso filósofo de este país China
48%
La única frontera de este país es con Francia Mónaco
48%
Este país limita con Alemania y Bélgica en Europa, y con Francia en América Países Bajos
48%
Simón Bolívar nació en este país Venezuela
48%
Primer país que perteneció a Yugoslavia en unirse a la OTAN Eslovenia
44%
País más pobre de Latinoamérica Haití
44%
La bandera de este país es la única en no ser cuadrangular Nepal
44%
El dominio de internet de este país es ".tv" Tuvalu
44%
Las Islas Marianas del Norte pertenecen a este país Estados Unidos
42%
País más poblado del mundo India
42%
El gato persa es originario de este país Irán
42%
La lengua oficial de este país es el kirguís Kirguistán
42%
Este país de Oceanía se encuentra en los cuatro hemisferios del planeta Kiribati
42%
La "Divina comedia" fue escrita por un poeta de este país Italia
40%
Se dice que el meteorito que acabó con los dinosaurios cayó frente a las costas de este país México
40%
En este país se encuentra la montaña más alta de América Argentina
37%
Único país de mayoría musulmana en el Cáucaso Azerbaiyan
37%
País de América con más lenguas oficiales Bolivia
37%
El Burj Khalifa se encuentra en este país Emiratos Árabes Unidos
37%
De este país es originario la danza y grito de guerra conocida como "haka" Nueva Zelanda
37%
País más pequeño del Cuerno de África Yibuti
37%
La capital de este país es la ciudad de Ereván Armenia
35%
Séptimo país mas poblado del mundo Brasil
35%
Apia es la ciudad más poblada de este país Samoa
35%
La bandera de este país es una estrella blanca en un fondo azul claro Somalia
35%
El gentilicio de este país es "ceilanés" Sri Lanka
35%
Único país sudamericano con salida al Océano Pacífico y al Océano Atlántico Colombia
33%
El "Hezbolá" es de este país Líbano
33%
El gentilicio de este país es "malgache" Madagascar
33%
La zona más occidental de la cordillera del Atlas se encuentra en este país Marruecos
33%
Este país se conecta por un túnel submarino a Francia Reino Unido
33%
La región histórica de Bohemia se encuentra en este país República Checa
33%
País que comparte con Ucrania las marismas de Pinsk Bielorrusia
31%
En enero de 2024 este país acordó reconocer a Somalilandia como un país soberano Etiopía
31%
Este país se disputa con Guinea Ecuatorial la isla de Mbañe Gabón
31%
Único país en Asia con el portugués como lengua oficial Timor Oriental
31%
País más grande de Asia Central Kazajistán
29%
El actual alfabeto cirílico fue creado en este país Bulgaria
27%
La república de Tartaristán se encuentra en este país euroasiático Rusia
27%
País más oriental de Indochina Vietnam
27%
País conocido anteriormente como "Rodesia" Zimbabue
27%
Buyumbura fue la capital de este país hasta el 16 de enero de 2019 Burundi
25%
En este país oceánico es oficial una lengua indoaria Fiyi
25%
La lira es un instrumento musical originario de este país Grecia
25%
Este país africano se independizó de Estados Unidos en 1847 Liberia
25%
En este país hubo un proyecto para crear otro canal en Centroamérica que conecte el Atlántico y el Pacífico Nicaragua
25%
Ricardo Arjona es un conocido cantante de este país Guatemala
23%
El 56.6% de este país habla español, pero la lengua oficial es el inglés Belice
21%
País con el mayor porcentaje de habitantes budistas Camboya
21%
Segundo país de América con más medallas olímpicas Cuba
21%
País de las Antillas Menores que fue un estado socialista de 1979 a 1983 Granada
21%
Gotemburgo es una ciudad de este país Suecia
21%
La bandera de este país es conocida por ser la única, junto a la de Nicaragua, en tener morado Dominica
19%
Este país cuenta con un condominio con Francia España
19%
El dalasi es la moneda oficial de este país de África Occidental Gambia
19%
La bandera de este país era completamente verde de 1977 a 2011 Libia
19%
Único micro-estado europeo insular Malta
19%
El país más pequeño en tener el rumano como lengua oficial Moldavia
19%
Zanzíbar fue en algún momento posesión de este país de la península Arábiga Omán
19%
Segundo país con más hablantes de portugués en África Angola
17%
El segundo cuerpo de agua mas grande de África le da nombre a este país Chad
17%
Durante su época colonial este país era llamado "Guinea Portuguesa" Guinea-Bisáu
17%
El Atolón Bikini se encuentra en este país Islas Marshall
17%
Tombuctú, Gao y Sikasso son ciudades de este país africano Mali
17%
La ciudad más poblada de este país es Alepo Siria
17%
Tupou VI es el rey de este país oceánico Tonga
17%
País más pobre de Oriente Próximo Yemen
17%
En este país ocurrió el asesinato del archiduque Francisco Fernando de Austria Bosnia y Herzegovina
15%
Este micro-estado europeo funciona como una teocracia Ciudad del Vaticano
15%
De este país es originario el K-pop Corea del Sur
15%
913 personas fallecieron en un suicidio colectivo en este país Guyana
15%
La segunda sinagoga mas grande del mundo se encuentra en este país europeo Hungría
15%
El Monte Fuji es el punto más alto de este país asiático Japón
15%
Catherine Ndereba y Eliud Kipchoge son atletas de este país Kenia
15%
Código del Comité Olímpico Internacional de este país es "NGR" Nigeria
15%
Desde la capital de este país se puede ver la ciudad de Kinsasa al otro lado del río República del Congo
15%
El kiñaruanda, el francés, el inglés y el suajili son las lenguas oficiales de este país Ruanda
15%
Único país en el que el romanche es lengua oficial Suiza
15%
La Kaaba se encuentra en este país Arabia Saudita
13%
Esta ciudad-estado se encuentra en el estrecho de Malaca Singapur
13%
La Tracia Oriental se encuentra en este país Turquía
13%
José Mujica fue presidente de este país latinoamericano Uruguay
13%
Este país antillano es muchas veces considerado parte de Sudamérica Trinidad y Tobago
12%
País mas grande de África Argelia
10%
Las dos fronteras terrestres de este país son con Alemania y Canadá Dinamarca
10%
La bandera de este país cambia si es que se encuentra en guerra Filipinas
10%
Antoine de Saint-Exupéry fue un aviador y escritor de este país Francia
10%
El latgaliano es hablado en este país de Europa Letonia
10%
El extinto "dodo" era originario de este país Mauricio
10%
El único país que cuenta con un AK-47 en su bandera Mozambique
10%
Este país se independizó de Colombia en el año 1821 Panamá
10%
La física y química Marie Curie nació en una ciudad de este país europeo Polonia
10%
Es considerada la república más antigua del mundo San Marino
10%
El punto más alto de este país es el "Pico de Santo Tomé" Santo Tomé y Príncipe
10%
Bangkok es la capital de este país Tailandia
10%
La "Casa de la Ópera" se encuentra en este país Australia
8%
El nombre oficial de este país es ______ Darussalam Brunéi
8%
En este país se encuentra la montaña más alta cuya cima no ha sido escalada Bután
8%
Este país es el mayor productor de cobre a nivel mundial Chile
8%
En este país se encuentra el estadio de fútbol más grande del mundo Corea del Norte
8%
Skype tiene origen en este país europeo Estonia
8%
Nokia se originó en este país Finlandia
8%
La moneda de este país es la moneda física de mayor valor asociada a un país Kuwait
8%
Este país africano solo cuenta frontera con Sudáfrica Lesoto
8%
Este país no cuenta con una capital oficial, sólo con una de facto Nauru
8%
Único país donde el sami es una lengua oficial Noruega
8%
La bandera de este país cuenta con tres rombos verdes que forman la letra "V" San Vicente y las Granadinas
8%
En el nombre de este país africano se menciona la hembra de un felino Sierra Leona
8%
El Darfur es una región de este país Sudán
8%
Las ruinas de la ciudad de Cartago se encuentran en este país Túnez
8%
El padre del psicoanálisis, Sigmund Freud, nació en este país Austria
6%
La primera isla americana a la que llegó Cristóbal Colón se encuentra en este país Bahamas
6%
Único microestado del Oriente Próximo Baréin
6%
País que antiguamente se llamaba "Dahomey" Benín
6%
País cuyo dominio de internet es ".bf" Burkina Faso
6%
Único país insular africano con el árabe como idioma oficial Comoras
6%
La lengua nacional de este país es el tigriña Eritrea
6%
Este país es una federación conformada por los estados de "Chuuk", "Kosrae", "Ponapé" y "Yap" Estados Federados de Micronesia
6%
La región autónoma de "Kurdistán" se encuentra en este país Irak
6%
Abdalá II es el rey de este país Jordania
6%
La capital de este país es conocida por algunos como "Escopia" Macedonia del Norte
6%
Los rohinyás se vieron obligados a huir de este país desde 2017 por una limpieza étnica Myanmar
6%
Esta país se disputa con India la región de Cachemira Pakistán
6%
Este país fue propiedad privada de Leopoldo II hasta 1908 República Democrática del Congo
6%
Este país ganó la Copa Africana de Naciones el año 2021 Senegal
6%
"Voivodina" se encuentra en este país Serbia
6%
País más austral de África Sudáfrica
6%
La bandera de este país cuenta con una grulla en el centro de esta Uganda
6%
País conocido como "la tumba de los imperios" Afganistán
4%
Su autoglotónimo es "Shqipëria" Albania
4%
La micronación del "Reino de Redonda" se encuentra en este país antillano Antigua y Barbuda
4%
El idioma !xóõ se habla principalmente en este país Botsuana
4%
En este país se encuentra la isla más extensa sin habitantes Canadá
4%
País insular del Mediterráneo conocido por su superpoblación de gatos Chipre
4%
Las corbatas son originarias de este país Croacia
4%
En la frontera sur de este país se encuentra un Terra Nullius (un territorio que no es reclamado por ningún país) Egipto
4%
El himno de este país se llama "Nad Tratou sa blýska" Eslovaquia
4%
La lengua oficial de este país forma parte de las lenguas kartvelianas Georgia
4%
Ciudad de la Paz será la futura capital de este país Guinea Ecuatorial
4%
Nusantara es la capital de este país Indonesia
4%
Montego Bay es una ciudad de este país insular Jamaica
4%
Considerado el país más bombardeado de la historia Laos
4%
El himno de este país en la lengua local se llama "ޤައުމީ ސަލާމް" Maldivas
4%
El escudo de este país contiene dos antílopes orix y un águila Namibia
4%
En este país es donde más personas del pueblo "tuareg" viven Níger
4%
Santiago de los Caballeros es la segunda ciudad más poblada de este país República Dominicana
4%
El poeta y dramaturgo, ganador del nobel de literatura en 1992, Derek Walcott nació en este país Santa Lucía
4%
País con el Índice de Desarrollo Humano más alto de África Seychelles
4%
El sranan tongo es hablado en este país sudamericano Surinam
4%
El lago Victoria se encuentra en la frontera norte de este país Tanzania
4%
La capital de este país era conocida como Stalinabad durante 1929 y 1961 Tayikistán
4%
El karakalpako es la lengua cooficial de este país Uzbekistán
4%
País más densamente poblado del mundo exceptuando microestados Bangladés
2%
Este país se convirtió en una república en 2021 Barbados
2%
La "República Federal de Ambazonia" busca la secesión de este país Camerún
2%
Este país ha ganado la Copa Africana de Naciones en 1992, 2015 y 2023 Costa de Marfil
2%
Liberia y Cartago son ciudades de este país Costa Rica
2%
La cultura Valdivia se desarrolló en lo que actualmente es este país Ecuador
2%
El lema de este país es "siyinqaba" Esuatini
2%
País en el que se encuentra el embalse más grande del mundo Ghana
2%
Este país africano es el 77 más grande del mundo, antes del Reino Unido (78) y después de Ecuador (76) Guinea
2%
Comayagüela es una de las dos ciudades que forma el distrito capital de este país Honduras
2%
El prefijo telefónico de este país es "+353" Irlanda
2%
Los municipios de este país poseen el derecho de separarse de la unión por mayoría de votos Liechtenstein
2%
Este país formó una mancomunidad junto a Polonia durante más de dos siglos Lituania
2%
El jefe de estado de este país es el gran duque Enrique Luxemburgo
2%
Sarawak es un estado de este país Malasia
2%
Durante la época colonial fue conocido como "Nyasalandia" Malaui
2%
La bandera de este país contiene el símbolo del yin-yang Mongolia
2%
Cetiña es la sede del gobierno de este país europeo Montenegro
2%
El nombre de este país en la lengua local es "Belau" Palaos
2%
"Bougainville" decidió en un referéndum con el 98,31% de los votos, separarse de este país Papúa Nueva Guinea
2%
Este país cuenta con la única bandera nacional que es diferente en el anverso y en el reverso Paraguay
2%
Al norte de este país se encontraron los primeros registros de personas practicando surf Perú
2%
Único país africano en tener el Bitcoin como moneda oficial República Centroafricana
2%
Alexander Hamilton nació en este país caribeño San Cristóbal y Nieves
2%
País con el Índice de Desarrollo Humano más bajo del mundo Sudán del Sur
2%
El Aeropuerto Internacional de Tokoin es el más importante de este país africano Togo
2%
Serdar Berdimuhamedow es el actual mandatario de este país de Asia Central Turkmenistán
2%
El "Euromaidán" dio lugar en este país Ucrania
2%
Este país era conocido como las Nuevas Hébridas durante su época colonial Vanuatu
2%
No se encontraron pruebas coincidentes
Distribución de puntuación
Porcentaje de gente con cada puntuación
Porcentaje por número respondido
Historial de tus puntuaciones
No has intentado esta prueba.